| 000 | 00332nam a22001217a 4500 | ||
|---|---|---|---|
| 008 | 230623b xxu||||| |||| 00| 0 eng d | ||
| 082 |
_a330 _bCPK |
||
| 100 | _cColony and Protectorate of Kenya | ||
| 245 | _aReport of the Select Committee on Economy | ||
| 260 | _bColony and Protectorate of Kenya | ||
| 300 | _a105p | ||
| 942 |
_2ddc _cBK |
||
| 999 |
_c2375 _d2375 |
||